| 000 | 00890cam a2200229 4500 | ||
|---|---|---|---|
| 001 | WB3626-15 | ||
| 008 | 000000n2000 000 0 eng u | ||
| 035 | _a(Sirsi) u106984 | ||
| 245 | _aHouse price boom passed peak | ||
| 260 | _c2000 | ||
| 490 |
_aWestern Mail _v 29 June 2000, 7 |
||
| 490 |
_aTimes _v 6 July 2000, 7(2) |
||
| 520 | _aHalifax and Principality Building Societies both predict that the house price boom has passed its peak. Statistics show a 0.4% decline in house prices in June following a similar drop in May. The average price of a house has dropped from £85,200 in January to £83903 last month. | ||
| 590 | _aWB | ||
| 650 | _aHOUSE PRICES | ||
| 650 | _aPRINCIPALITY BUILDING SOCIETY | ||
| 650 | _aWALES | ||
| 650 | _aHALIFAX | ||
| 650 | _aNATIONWIDE BUILDING SOCIETY | ||
| 690 | _aPROPERTY-RESIDENTIAL PROPERTY-RESIDENTIAL PROPERTY MARKET | ||
| 942 | _n0 | ||
| 999 |
_c63967 _d63967 |
||